[Event "III Festival A"]
[Site "Bisaccia ITA"]
[Date "2011.06.02"]
[Round "1"]
[White "Aleksic, Nenad"]
[Black "Borino, Paolo"]
[Result "1-0"]
[WhiteElo "2355"]
[BlackElo "1913"]
[PlyCount "54"]
[EventDate "2011.06.02"]

1. e4 d6 2. d4 Nf6 3. Nc3 c6 4. h3 Nbd7 5. Nf3 Qc7 6. a4 e5 7. Bc4 Be7 8. O-O
O-O 9. Re1 Nb6 10. Bb3 a5 11. Be3 Nfd7 12. Qd2 Kh8 13. Rad1 f5 14. exf5 Rxf5
15. dxe5 Nxe5 16. Nxe5 dxe5 17. Ne4 Nd5 18. Bxd5 cxd5 19. Qxd5 Qxc2 20. Qd8+
Rf8 21. Qxe7 Bxh3 22. gxh3 Qxe4 23. Rd7 Rg8 24. Kh2 Rae8 25. Qd6 Qxa4 26. Rxb7
Qc2 27. Ra7 Qxb2 1-0

[Event "III Festival A"]
[Site "Bisaccia ITA"]
[Date "2011.06.02"]
[Round "1"]
[White "Altini, Daniele"]
[Black "Zinnai, Graziano Matteo"]
[Result "1-0"]
[WhiteElo "2256"]
[BlackElo "1836"]
[PlyCount "127"]
[EventDate "2011.06.02"]

1. d4 c6 2. Nf3 d5 3. Bf4 Nf6 4. e3 Bf5 5. Bd3 Bxd3 6. Qxd3 e6 7. Nbd2 Nbd7 8.
O-O Be7 9. h3 O-O 10. c4 c5 11. Rfd1 cxd4 12. exd4 dxc4 13. Nxc4 Nd5 14. Bg3
N7f6 15. Qb3 Rc8 16. Rac1 b6 17. Nce5 Ne4 18. Bh2 f6 19. Nc6 Qd7 20. Nxe7+ Qxe7
21. Re1 Rxc1 22. Rxc1 Qd7 23. Qc2 Nd6 24. Bxd6 Qxd6 25. Qa4 Qe7 26. Qc6 Rd8 27.
Re1 Kf7 28. Qc2 g6 29. h4 Qc7 30. Qe4 Re8 31. g3 h5 32. a3 b5 33. Qe2 a6 34.
Qd2 Kg7 35. Rc1 Qb7 36. Qc2 Re7 37. Qe4 Nb6 38. Qf4 Nd5 39. Qd6 a5 40. Rc6 Kf7
41. Nd2 b4 42. a4 b3 43. Nc4 Qb4 44. Qxb4 Nxb4 45. Rb6 Nc2 46. Nxa5 Nxd4 47.
Nxb3 Nxb3 48. Rxb3 Ra7 49. Rb4 Ke7 50. b3 Kd6 51. Rb5 Kc6 52. Kf1 Rd7 53. Ke2
Rd8 54. Ke3 Rd7 55. Rb8 Rd5 56. Rb4 g5 57. Rc4+ Kb6 58. Rd4 Re5+ 59. Re4 Rxe4+
60. Kxe4 gxh4 61. gxh4 Ka5 62. Kd4 Kb4 63. Kd3 Ka5 64. Kc4 1-0

[Event "III Festival A"]
[Site "Bisaccia ITA"]
[Date "2011.06.02"]
[Round "1"]
[White "Buiano, Fabio"]
[Black "Di Rito, Giuseppe"]
[Result "0-1"]
[WhiteElo "2108"]
[BlackElo "1693"]
[PlyCount "73"]
[EventDate "2011.06.02"]

1. e4 c5 2. Nc3 e6 3. f4 a6 4. Nf3 Qc7 5. d4 cxd4 6. Nxd4 b5 7. Be2 Bb7 8. Bf3
Bc5 9. Nb3 Ba7 10. e5 Ne7 11. Qe2 Nbc6 12. Ne4 Nf5 13. c3 O-O 14. Bd2 d5 15.
exd6 Nxd6 16. Nxd6 Qxd6 17. Be3 Bxe3 18. Qxe3 Nd8 19. Rd1 Qc7 20. O-O Bxf3 21.
Qxf3 Nc6 22. f5 exf5 23. Qxf5 Rad8 24. Nc5 Nb8 25. h4 h6 26. Kh1 Qe7 27. h5
Rxd1 28. Rxd1 Qe2 29. Rf1 Qe7 30. b4 Rd8 31. Qf3 Re8 32. Qd3 Rd8 33. Qf3 Rc8
34. Qd5 Rd8 35. Qa8 Nd7 36. Qb7 Qh4+ 37. Kg1 0-1

[Event "III Festival A"]
[Site "Bisaccia ITA"]
[Date "2011.06.02"]
[Round "1"]
[White "Cipollaro, Giovanni"]
[Black "Stromboli, Ettore"]
[Result "0-1"]
[WhiteElo "1840"]
[BlackElo "2297"]
[PlyCount "112"]
[EventDate "2011.06.02"]

1. d4 Nf6 2. Nf3 b6 3. Nbd2 Bb7 4. e3 g6 5. Bd3 Bg7 6. O-O O-O 7. b3 d6 8. Bb2
Nbd7 9. Qe2 e5 10. Ba6 Bxa6 11. Qxa6 e4 12. Ng5 d5 13. c4 Re8 14. Nh3 Nh5 15.
cxd5 Ndf6 16. d6 Qxd6 17. Ba3 Qd7 18. Rfd1 Nd5 19. Rac1 f5 20. g3 h6 21. Qe2 b5
22. Bc5 a6 23. Nb1 Qf7 24. Nf4 Nhf6 25. Nxd5 Nxd5 26. Nc3 Nf6 27. Rd2 g5 28.
Rdc2 Ng4 29. h3 Nf6 30. Nd1 f4 31. Bb4 Nd5 32. Bc5 Rad8 33. Nc3 Nf6 34. Nd1 Re6
35. a4 Qd7 36. axb5 axb5 37. Ra1 Rc6 38. Kh2 Re6 39. Nc3 c6 40. Ra7 Qe8 41.
Rca2 Qg6 42. Rc7 Rd7 43. Raa7 Rxc7 44. Rxc7 Qf5 45. Re7 h5 46. Rxe6 Qxe6 47.
Qc2 h4 48. g4 f3 49. b4 Nxg4+ 50. Kg1 Nf6 51. Kh2 g4 52. Qa2 Qxa2 53. Nxa2 Bh6
54. Be7 g3+ 55. fxg3 hxg3+ 56. Kxg3 Nd5 0-1

[Event "III Festival A"]
[Site "Bisaccia ITA"]
[Date "2011.06.02"]
[Round "1"]
[White "Colucci, Stefano"]
[Black "Kizov, Atanas"]
[Result "0-1"]
[WhiteElo "1925"]
[BlackElo "2392"]
[PlyCount "72"]
[EventDate "2011.06.02"]

1. d4 Nf6 2. c4 g6 3. Nc3 Bg7 4. e4 d6 5. f3 O-O 6. Be3 c6 7. Qd2 a6 8. Nge2 b5
9. Nc1 Nbd7 10. Bd3 e5 11. N1e2 bxc4 12. Bxc4 d5 13. Bd3 dxe4 14. Bxe4 Nxe4 15.
fxe4 exd4 16. Bxd4 Qh4+ 17. Ng3 Nf6 18. Bxf6 Qxf6 19. Nce2 Qxb2 20. Qxb2 Bxb2
21. Rb1 Rb8 22. O-O Be6 23. a4 Ba2 24. Rbe1 a5 25. Nc1 Bc4 26. Rf3 Bd4+ 27. Kh1
Rb1 28. Nf1 Ra1 29. Nd2 Be6 30. Ndb3 Bxb3 31. Rxb3 Rxa4 32. Nd3 Ra2 33. g3 a4
34. Rb7 Rd2 35. Nc1 a3 36. Nb3 Rb2 0-1

[Event "III Festival A"]
[Site "Bisaccia ITA"]
[Date "2011.06.02"]
[Round "1"]
[White "Consalvo, Gerardo"]
[Black "Festa, Salvatore"]
[Result "1-0"]
[WhiteElo "2004"]
[BlackElo "1650"]
[PlyCount "57"]
[EventDate "2011.06.02"]

1. e4 c6 2. d4 d5 3. f3 dxe4 4. fxe4 e6 5. Nf3 Nf6 6. Nc3 Be7 7. Bd3 Nbd7 8.
Bf4 Nb6 9. Qe2 Bd7 10. Ne5 Bc8 11. Be3 Qc7 12. O-O O-O 13. Rf3 Nbd7 14. Bf4 Qb6
15. Nc4 Qd8 16. Rg3 Kh8 17. e5 Nd5 18. Bd2 Nxc3 19. bxc3 g6 20. Rf1 b5 21. Ne3
f5 22. exf6 Nxf6 23. Bxg6 hxg6 24. Rxg6 Nh7 25. Rxf8+ Qxf8 26. Ng4 Qf5 27. Ne5
Bd6 28. Qg4 Nf6 29. Nf7+ 1-0

[Event "III Festival A"]
[Site "Bisaccia ITA"]
[Date "2011.06.02"]
[Round "1"]
[White "D'Aquino, Ugo"]
[Black "Lazic, Miroljub"]
[Result "0-1"]
[WhiteElo "1941"]
[BlackElo "2471"]
[PlyCount "90"]
[EventDate "2011.06.02"]

1. e4 e5 2. Nf3 Nc6 3. Bb5 Nge7 4. O-O a6 5. Ba4 d6 6. c3 Bd7 7. d4 Ng6 8. Be3
Be7 9. Nbd2 h6 10. Re1 Bg5 11. Nf1 Qf6 12. h3 b5 13. Bc2 O-O 14. Ng3 Bxe3 15.
fxe3 Nh4 16. Rf1 Nxf3+ 17. Qxf3 Qxf3 18. Rxf3 g6 19. Raf1 Kg7 20. h4 h5 21. Rf6
Ne7 22. R6f2 Be6 23. b3 Ng8 24. Bd1 Nh6 25. Rc2 c5 26. Be2 Rfc8 27. Rfc1 c4 28.
b4 a5 29. a3 axb4 30. axb4 Ra3 31. Nf1 Rca8 32. Kf2 f5 33. d5 Bd7 34. Ng3 Rf8
35. Kg1 f4 36. exf4 Rxf4 37. Bxh5 Bg4 38. Bxg4 Rxg4 39. Kf2 Ra7 40. Ne2 Rxh4
41. Ke3 Ng4+ 42. Kf3 Rf7+ 43. Kg3 g5 44. Ng1 Nf6 45. Re2 Nh5# 0-1

[Event "III Festival A"]
[Site "Bisaccia ITA"]
[Date "2011.06.02"]
[Round "1"]
[White "Di Lascio, Savino"]
[Black "Coico, Pompeo"]
[Result "1-0"]
[WhiteElo "1976"]
[BlackElo "1608"]
[PlyCount "62"]
[EventDate "2011.06.02"]

1. e4 e6 2. Nf3 d5 3. e5 c5 4. g3 Nh6 5. Bg2 Nc6 6. O-O Be7 7. d3 Nf5 8. Re1
O-O 9. c3 Qb6 10. Bh3 Re8 11. Qe2 Qc7 12. Na3 a6 13. g4 Nh4 14. Nxh4 Bxh4 15.
g5 Ne7 16. Nc2 b5 17. Qh5 Ng6 18. Bd2 Bb7 19. Re2 Rad8 20. f4 Qc6 21. d4 cxd4
22. Nxd4 Qc4 23. Rf1 Qd3 24. Rf3 Qb1+ 25. Bf1 Qxb2 26. Be1 Qa1 27. Bxh4 Nxh4
28. Qxh4 Qb1 29. Rc2 Rc8 30. Rh3 h6 31. gxh6 g6 1-0

[Event "III Festival A"]
[Site "Bisaccia ITA"]
[Date "2011.06.02"]
[Round "1"]
[White "Fezza, Davide"]
[Black "Altini, Ruggiero"]
[Result "1-0"]
[WhiteElo "2141"]
[BlackElo "1774"]
[PlyCount "67"]
[EventDate "2011.06.02"]

1. e4 c5 2. Nf3 e6 3. d4 cxd4 4. Nxd4 Nf6 5. Bd3 d6 6. Qe2 a6 7. f4 Be7 8. Nc3
Nc6 9. Nb3 Qc7 10. g4 b5 11. g5 Nd7 12. Bd2 Bb7 13. O-O Nb6 14. a4 b4 15. a5
bxc3 16. axb6 Qxb6+ 17. Be3 Qc7 18. bxc3 a5 19. Nd4 h6 20. g6 Bf6 21. Nb5 Qd8
22. gxf7+ Kxf7 23. e5 dxe5 24. Qh5+ Kg8 25. Bc4 Qe7 26. f5 Nd8 27. Rad1 Bg5 28.
Bb6 Rc8 29. Rxd8+ Rxd8 30. Bxe6+ Kf8 31. Bxd8 Be3+ 32. Rf2 Bxf2+ 33. Kxf2 Qc5+
34. Nd4 1-0

[Event "III Festival A"]
[Site "Bisaccia ITA"]
[Date "2011.06.02"]
[Round "1"]
[White "Fiore, Mario"]
[Black "Crafa, Carmine"]
[Result "1-0"]
[WhiteElo "2232"]
[BlackElo "1803"]
[PlyCount "43"]
[EventDate "2011.06.02"]

1. e4 e5 2. Nf3 Nc6 3. Nc3 Nf6 4. g3 d5 5. exd5 Nxd5 6. Bg2 Be6 7. O-O Nf6 8.
Re1 Nd7 9. d4 exd4 10. Nb5 Bb4 11. Bg5 Nf6 12. Bxf6 gxf6 13. Re4 Qe7 14. Nfxd4
O-O-O 15. Qe2 Nxd4 16. Nxd4 Rhe8 17. Nxe6 fxe6 18. Qb5 c5 19. c3 Rd6 20. cxb4
cxb4 21. Rxb4 Rb6 22. Qc4+ 1-0

[Event "III Festival A"]
[Site "Bisaccia ITA"]
[Date "2011.06.02"]
[Round "1"]
[White "Laketic, Gojko"]
[Black "Varvaglione, Antonio"]
[Result "1-0"]
[WhiteElo "2442"]
[BlackElo "1932"]
[PlyCount "55"]
[EventDate "2011.06.02"]

1. c4 Nf6 2. g3 g6 3. Bg2 Bg7 4. Nc3 d6 5. d3 O-O 6. e4 c5 7. Nge2 Nc6 8. h3 a6
9. O-O Rb8 10. f4 Bd7 11. Be3 b5 12. Qd2 Ne8 13. Rae1 Nd4 14. b3 Nc7 15. g4
Nce6 16. f5 Nxe2+ 17. Nxe2 Nd4 18. Nxd4 Bxd4 19. Bxd4 cxd4 20. Qh6 bxc4 21.
dxc4 Qa5 22. e5 dxe5 23. Bd5 Rb6 24. Rxe5 Qc3 25. Rxe7 Qg3+ 26. Kh1 Bc6 27.
Bxc6 Rxc6 28. f6 1-0

[Event "III Festival A"]
[Site "Bisaccia ITA"]
[Date "2011.06.02"]
[Round "1"]
[White "Luongo, Antonio"]
[Black "Gambardella, Piero"]
[Result "1/2-1/2"]
[WhiteElo "1598"]
[BlackElo "1973"]
[PlyCount "38"]
[EventDate "2011.06.02"]

1. Nf3 Nf6 2. g3 d5 3. d4 c6 4. Bg2 Bf5 5. O-O e6 6. Bg5 Qb6 7. Bxf6 Qxb2 8.
Nbd2 gxf6 9. Qb1 Qxb1 10. Raxb1 b6 11. Rb2 Nd7 12. c4 Bd6 13. cxd5 cxd5 14. Nh4
Bg4 15. e4 Rd8 16. exd5 O-O 17. dxe6 fxe6 18. Bf3 Bh3 19. Bg2 Bf5 1/2-1/2

[Event "III Festival A"]
[Site "Bisaccia ITA"]
[Date "2011.06.02"]
[Round "1"]
[White "Mazza, Daniele"]
[Black "Della Corte, Alessandro"]
[Result "0-1"]
[WhiteElo "1823"]
[BlackElo "2253"]
[PlyCount "42"]
[EventDate "2011.06.02"]

1. d4 Nf6 2. c4 g6 3. Nc3 Bg7 4. e4 d6 5. f4 O-O 6. Nf3 Na6 7. Be2 e5 8. fxe5
dxe5 9. Nxe5 c5 10. Nf3 cxd4 11. Qxd4 Qxd4 12. Nxd4 Nxe4 13. Nxe4 Bxd4 14. a3
Re8 15. Nd6 Bg4 16. Nxe8 Rxe8 17. h3 Bxe2 18. Kd2 Nc5 19. Kc2 Bd3+ 20. Kd1 Nb3
21. Ra2 Bb1 0-1

[Event "III Festival A"]
[Site "Bisaccia ITA"]
[Date "2011.06.02"]
[Round "1"]
[White "Messina, Enrico"]
[Black "Fiore, Antonio"]
[Result "1-0"]
[WhiteElo "2127"]
[BlackElo "1742"]
[PlyCount "80"]
[EventDate "2011.06.02"]

1. e4 e6 2. Nf3 d5 3. e5 c5 4. b4 cxb4 5. d4 Ne7 6. a3 Nf5 7. axb4 Bxb4+ 8. c3
Be7 9. Bd3 Nc6 10. Na3 Bd7 11. O-O a6 12. Nc2 b5 13. Ne3 Na5 14. Bxf5 exf5 15.
Nxd5 Nc4 16. Nxe7 Qxe7 17. d5 O-O 18. Re1 Qc5 19. e6 fxe6 20. dxe6 Bc6 21. Nd4
Bb7 22. Qh5 g6 23. Qg5 b4 24. e7 Rfe8 25. Re6 Ne5 26. Nxf5 Nf3+ 27. gxf3 Qxf5
28. Qxf5 gxf5 29. cxb4 Kf7 30. Rh6 Rxe7 31. Rxh7+ Ke6 32. Rxe7+ Kxe7 33. Bg5+
Kf7 34. Kg2 Kg6 35. h4 Rc8 36. Rd1 Rc6 37. Rd7 Bc8 38. Rd8 Kg7 39. h5 Rc4 40.
Bf4 Kh7 1-0

[Event "III Festival A"]
[Site "Bisaccia ITA"]
[Date "2011.06.02"]
[Round "1"]
[White "Moscarino, Carlo"]
[Black "Santeramo, Domenico"]
[Result "1/2-1/2"]
[WhiteElo "1622"]
[BlackElo "1994"]
[PlyCount "94"]
[EventDate "2011.06.02"]

1. e4 e6 2. d4 d5 3. Nd2 Nf6 4. e5 Nfd7 5. Ngf3 c5 6. c3 Nc6 7. Bb5 Qb6 8. Bxc6
bxc6 9. O-O Ba6 10. Re1 Bd3 11. Nf1 Qa6 12. Ng5 Bg6 13. Ng3 h6 14. Nf3 Be7 15.
h4 Rb8 16. a3 c4 17. Re2 O-O 18. h5 Bd3 19. Rd2 Bh7 20. Re2 Rb6 21. Be3 Rfb8
22. Ra2 Qb7 23. Qc1 Qc8 24. Nh2 Bd3 25. Rd2 Rb3 26. Ng4 Qf8 27. Kh2 Nb6 28. a4
Nd7 29. Rxd3 cxd3 30. Nxh6+ gxh6 31. Bxh6 Qd8 32. Qf4 f5 33. Nxf5 exf5 34. Qg3+
Bg5 35. Bxg5 f4 36. Bxf4+ Kh8 37. e6 Qg8 38. Qxg8+ Rxg8 39. exd7 Rd8 40. Kg1
Rxd7 41. Kf1 Re7 42. Be3 Reb7 43. Bc1 Re7 44. Be3 Reb7 45. Bc1 Re7 46. Be3 Reb7
47. Bc1 Re7 1/2-1/2

[Event "III Festival A"]
[Site "Bisaccia ITA"]
[Date "2011.06.02"]
[Round "1"]
[White "Pelyushenko, Vladyslav"]
[Black "Altini, Nicola"]
[Result "0-1"]
[WhiteElo "1800"]
[BlackElo "2206"]
[PlyCount "94"]
[EventDate "2011.06.02"]

1. d4 d5 2. Nf3 Nf6 3. c4 c6 4. cxd5 cxd5 5. Nc3 Nc6 6. Bf4 a6 7. e3 Bg4 8. Be2
e6 9. O-O Be7 10. a3 O-O 11. Rc1 Nh5 12. Ne5 Nxf4 13. Bxg4 Nxe5 14. dxe5 Ng6
15. f4 Bc5 16. Qd3 Qb6 17. Nd1 Rac8 18. Kh1 Qa7 19. Re1 b5 20. b4 Bb6 21. Rxc8
Rxc8 22. g3 Qc7 23. e4 d4 24. Re2 Qc1 25. Kg2 Qxf4 26. Bh5 Qxe5 27. Bxg6 hxg6
28. Rc2 Rxc2+ 29. Qxc2 f5 30. Nf2 fxe4 31. Nxe4 Qd5 32. Qd3 Qc4 33. Qf3 Qd5 34.
Qd3 Bd8 35. Kh3 Be7 36. g4 Qe5 37. Kg2 Bd6 38. Nxd6 Qxd6 39. Qxg6 Qd5+ 40. Kg1
d3 41. g5 Kf8 42. Qh5 d2 43. Qh8+ Ke7 44. Qxg7+ Kd6 45. Qf8+ Ke5 46. Qf6+ Ke4
47. Qg6+ Ke3 0-1

[Event "III Festival A"]
[Site "Bisaccia ITA"]
[Date "2011.06.02"]
[Round "1"]
[White "Santeramo, Alessia Carmen"]
[Black "Franciosi, Fausto"]
[Result "1/2-1/2"]
[WhiteElo "1667"]
[BlackElo "2054"]
[PlyCount "80"]
[EventDate "2011.06.02"]

1. e4 e5 2. Nf3 Nc6 3. Nc3 Nf6 4. d4 exd4 5. Nxd4 Bb4 6. Nxc6 bxc6 7. Bd3 d6 8.
O-O h6 9. Bd2 O-O 10. h3 Re8 11. a3 Bxc3 12. Bxc3 Nxe4 13. Qf3 d5 14. Bxe4 Rxe4
15. Rfe1 Rxe1+ 16. Rxe1 Be6 17. Qg3 d4 18. Bd2 Kh8 19. Bf4 Qd5 20. Bxc7 Qc4 21.
Be5 Rg8 22. Qf4 Kh7 23. Qe4+ g6 24. Qxd4 Qxd4 25. Bxd4 a6 26. Bf6 g5 27. Rd1
Bd5 28. Re1 Kg6 29. Bd4 Be6 30. Re5 Rd8 31. c3 Bd5 32. f3 Rd7 33. Bc5 Be6 34.
Bd4 Bd5 35. Bc5 Rd8 36. Bd4 h5 37. Kf2 h4 38. b4 f5 39. Re7 Rg8 40. Ra7 Bc4
1/2-1/2

[Event "III Festival A"]
[Site "Bisaccia ITA"]
[Date "2011.06.02"]
[Round "1"]
[White "Sellitti, Luca"]
[Black "Cannavacciuolo, Domenico"]
[Result "1-0"]
[WhiteElo "1971"]
[BlackElo "1448"]
[PlyCount "95"]
[EventDate "2011.06.02"]

1. e4 e5 2. Nf3 Nc6 3. Bb5 Nge7 4. Nc3 a6 5. Ba4 d6 6. h3 Be6 7. Ng5 b5 8. Nxe6
fxe6 9. Bb3 Nd4 10. Qg4 Qd7 11. Ne2 h5 12. Qg3 Nxe2 13. Kxe2 O-O-O 14. a4 b4
15. Qd3 Kb7 16. Qc4 c5 17. Qxe6 d5 18. exd5 Nxd5 19. Bxd5+ Qxd5 20. Qxd5+ Rxd5
21. Re1 g5 22. d3 Rg8 23. Kf1 a5 24. Re4 Rg6 25. Bd2 Kc6 26. Rae1 Kd6 27. h4 g4
28. Bg5 Bh6 29. Bxh6 Rxh6 30. R1e3 Rf6 31. g3 Ke6 32. c4 bxc3 33. bxc3 Rf5 34.
d4 cxd4 35. cxd4 Kd6 36. dxe5+ Rdxe5 37. Rxe5 Rxe5 38. Ke2 Rxe3+ 39. fxe3 Kc5
40. Kd3 Kb4 41. e4 Kxa4 42. Kc4 Ka3 43. e5 a4 44. e6 Kb2 45. e7 a3 46. e8=Q a2
47. Kd3 a1=Q 48. Qh8+ 1-0

[Event "III Festival A"]
[Site "Bisaccia ITA"]
[Date "2011.06.02"]
[Round "1"]
[White "Stromboli, Carlo"]
[Black "Vargiu, Antonio"]
[Result "1-0"]
[WhiteElo "2306"]
[BlackElo "1841"]
[PlyCount "69"]
[EventDate "2011.06.02"]

1. e4 e6 2. d4 d5 3. Nc3 Bb4 4. e5 c5 5. Bd2 Ne7 6. f4 O-O 7. Nf3 Nbc6 8. Bd3
Ng6 9. h4 Nxd4 10. Nxd4 cxd4 11. Ne2 Qb6 12. h5 Ne7 13. O-O Bd7 14. a4 Rac8 15.
Rf3 Bxd2 16. Qxd2 Nf5 17. b4 Rc4 18. Bxc4 d3+ 19. Kh2 dxc4 20. a5 Qd8 21. cxd3
Bc6 22. Rh3 Qd5 23. Nc3 Qd4 24. Rd1 a6 25. dxc4 Qxc4 26. Ne2 Qe4 27. Ng3 Nxg3
28. Rxg3 Qf5 29. Rg5 Qe4 30. Qd4 Qe2 31. Rd2 Qf1 32. Rf2 Qb1 33. h6 g6 34. f5
exf5 35. e6 1-0

[Event "III Festival A"]
[Site "Bisaccia ITA"]
[Date "2011.06.02"]
[Round "1"]
[White "Vena, Alessio"]
[Black "Cocozza, Mario"]
[Result "1-0"]
[WhiteElo "1899"]
[BlackElo "2345"]
[PlyCount "83"]
[EventDate "2011.06.02"]

1. e4 c6 2. d4 d5 3. Nd2 dxe4 4. Nxe4 Nd7 5. Ng5 Ngf6 6. Bd3 e6 7. N1f3 Bd6 8.
O-O h6 9. Nxe6 fxe6 10. Bg6+ Ke7 11. Re1 Nf8 12. Bd3 Kf7 13. Ne5+ Kg8 14. Re3
c5 15. dxc5 Bxe5 16. Bh7+ Kxh7 17. Qxd8 N8d7 18. Qa5 Bd4 19. Rxe6 Nxc5 20. Rxf6
gxf6 21. Qd2 Ne6 22. Qxh6+ Kg8 23. Qg6+ Ng7 24. Bh6 Rxh6 25. Qxh6 Bxb2 26. Rb1
Be5 27. f4 Bd4+ 28. Kh1 Kf7 29. Rb3 b6 30. Rd3 Bc5 31. Rg3 Nf5 32. Qh7+ Ke6 33.
Rd3 Nd6 34. Qg8+ Kd7 35. Qf7+ Kd8 36. Rxd6+ Bxd6 37. Qd5 Bb7 38. Qxd6+ Ke8 39.
Qe6+ Kd8 40. Qxf6+ Kc7 41. Qe7+ Kc6 42. f5 1-0

[Event "III Festival A"]
[Site "Bisaccia ITA"]
[Date "2011.06.02"]
[Round "1"]
[White "Vena, Antonio"]
[Black "Capone, Vincenzo"]
[Result "0-1"]
[WhiteElo "1774"]
[BlackElo "2128"]
[PlyCount "108"]
[EventDate "2011.06.02"]

1. e4 e6 2. d3 c5 3. Nd2 Nc6 4. Ngf3 Nge7 5. c3 d5 6. g3 Qc7 7. Bg2 g6 8. O-O
Bg7 9. Re1 O-O 10. Qe2 f6 11. h4 d4 12. e5 dxc3 13. bxc3 Nd5 14. Ne4 Nxe5 15.
c4 Nxf3+ 16. Bxf3 Ne7 17. Bb2 Nf5 18. h5 Bd7 19. hxg6 hxg6 20. Kg2 Kf7 21. Rad1
Rfe8 22. d4 cxd4 23. Bxd4 Bc6 24. Qb2 Bxe4 25. Bxe4 Nxd4 26. Qxd4 f5 27. Qd7+
Re7 28. Qxc7 Rxc7 29. Bf3 Re8 30. Rd3 b6 31. Rde3 Kf6 32. Bd5 Rce7 33. Bc6 Rd8
34. Bd5 Rd6 35. Bf3 Rc7 36. Be2 e5 37. Bd1 e4 38. Bb3 Bh6 39. R3e2 Rd3 40. Rd1
Rxd1 41. Bxd1 Rxc4 42. Bb3 Rc3 43. g4 Bf4 44. gxf5 gxf5 45. Re1 Rc1 46. Re2 b5
47. Bd5 Ke5 48. Bf7 Rc7 49. Bb3 Rc1 50. Rb2 a6 51. Bf7 Rc5 52. Bb3 Bc1 53. Re2
f4 54. Bc2 f3+ 0-1

[Event "III Festival A"]
[Site "Bisaccia ITA"]
[Date "2011.06.03"]
[Round "2"]
[White "Altini, Nicola"]
[Black "Laketic, Gojko"]
[Result "1/2-1/2"]
[WhiteElo "2206"]
[BlackElo "2442"]
[PlyCount "46"]
[EventDate "2011.06.02"]

1. Nf3 d5 2. c4 c6 3. g3 Nf6 4. Bg2 Bg4 5. cxd5 cxd5 6. Ne5 Bc8 7. Nc3 e6 8. d4
Be7 9. O-O O-O 10. e4 dxe4 11. Nxe4 Nxe4 12. Bxe4 Nd7 13. Nxd7 Qxd7 14. d5 Rd8
15. Qh5 f5 16. dxe6 Qxe6 17. Bc2 Qf7 18. Qe2 Be6 19. Re1 Rd6 20. Bf4 Rb6 21.
Be5 Bb4 22. Red1 Rc8 23. a3 Bf8 1/2-1/2

[Event "III Festival A"]
[Site "Bisaccia ITA"]
[Date "2011.06.03"]
[Round "2"]
[White "Altini, Ruggiero"]
[Black "Buiano, Fabio"]
[Result "0-1"]
[WhiteElo "1774"]
[BlackElo "2108"]
[PlyCount "100"]
[EventDate "2011.06.02"]

1. e4 d6 2. d4 Nf6 3. Nc3 c6 4. f4 d5 5. e5 Ng8 6. Bd3 g6 7. Nf3 h5 8. Ng5 Bg4
9. Qd2 e6 10. O-O Nh6 11. h3 Bf5 12. Be2 Nd7 13. Nd1 c5 14. c3 cxd4 15. cxd4
Qb6 16. a3 Be7 17. Nc3 f6 18. Nf3 Nf7 19. Qd1 a6 20. Qa4 O-O-O 21. Bd2 Kb8 22.
Rac1 fxe5 23. fxe5 Nfxe5 24. Nxe5 Nxe5 25. Kh1 Nc6 26. Be3 Bd6 27. b4 Rc8 28.
b5 axb5 29. Nxb5 Bg3 30. Rf3 h4 31. Rxg3 hxg3 32. Bf4+ e5 33. dxe5 Rxh3+ 34.
gxh3 Be4+ 35. Qxe4 dxe4 36. e6+ Ka8 37. Bxg3 Qe3 38. Rc3 Qxe2 39. a4 Qd1+ 40.
Kg2 Qd2+ 41. Kh1 e3 42. e7 Nxe7 43. Nc7+ Rxc7 44. Rxc7 Nf5 45. Rc8+ Ka7 46. Rh8
Ka6 47. Bc7 Qe1+ 48. Kg2 Qf2+ 49. Kh1 Ng3+ 50. Bxg3 Qxg3 0-1

[Event "III Festival A"]
[Site "Bisaccia ITA"]
[Date "2011.06.03"]
[Round "2"]
[White "Borino, Paolo"]
[Black "Pelyushenko, Vladyslav"]
[Result "1-0"]
[WhiteElo "1913"]
[BlackElo "1800"]
[PlyCount "84"]
[EventDate "2011.06.02"]

1. f4 c5 2. Nf3 Nc6 3. b3 Nf6 4. Bb2 g6 5. e4 d6 6. e5 dxe5 7. fxe5 Nh5 8. e6
f6 9. Bb5 Bxe6 10. Bxc6+ bxc6 11. O-O Bg7 12. Re1 Qd7 13. Nc3 O-O 14. Qe2 Kf7
15. Na4 Qd8 16. c4 Qd6 17. Qe3 Bf5 18. Nxc5 e5 19. Nh4 Be6 20. d4 Rfe8 21. dxe5
fxe5 22. Rad1 Qe7 23. Nf3 Bf5 24. Nxe5+ Kg8 25. Bd4 Rad8 26. Nxc6 Qxe3+ 27.
Rxe3 Bxd4 28. Rxd4 Rc8 29. Rxe8+ Rxe8 30. Rd8 Rxd8 31. Nxd8 Bb1 32. Nc6 Bxa2
33. Nxa7 Nf4 34. Kf2 Kf7 35. Nb5 Ke7 36. Nc3 Bxb3 37. Nxb3 Nd3+ 38. Ke3 Ne5 39.
Kd4 Ng4 40. h3 Nh6 41. Nd5+ Kd6 42. c5+ Kc6 1-0

[Event "III Festival A"]
[Site "Bisaccia ITA"]
[Date "2011.06.03"]
[Round "2"]
[White "Cannavacciuolo, Domenico"]
[Black "Mazza, Daniele"]
[Result "0-1"]
[WhiteElo "1448"]
[BlackElo "1823"]
[PlyCount "36"]
[EventDate "2011.06.02"]

1. e4 c5 2. Nf3 d6 3. h3 Nf6 4. e5 dxe5 5. Nxe5 Nbd7 6. Bb5 a6 7. Bc4 Nxe5 8.
Bb3 e6 9. a4 Be7 10. a5 Bd7 11. c3 Nd3+ 12. Kf1 Bb5 13. c4 Bc6 14. Bc2 O-O 15.
Ra3 Be4 16. f3 Qd4 17. Bxd3 Bxd3+ 18. Ke1 Qh4+ 0-1

[Event "III Festival A"]
[Site "Bisaccia ITA"]
[Date "2011.06.03"]
[Round "2"]
[White "Capone, Vincenzo"]
[Black "Aleksic, Nenad"]
[Result "1/2-1/2"]
[WhiteElo "2128"]
[BlackElo "2355"]
[PlyCount "50"]
[EventDate "2011.06.02"]

1. d4 Nf6 2. c4 e6 3. Nf3 b6 4. g3 Bb7 5. Bg2 Be7 6. O-O O-O 7. d5 exd5 8. Nh4
c6 9. cxd5 Nxd5 10. Nf5 Bf6 11. e4 Ne7 12. Nd6 Ba6 13. Re1 Be5 14. f4 Bxd6 15.
Qxd6 c5 16. b4 cxb4 17. Qxb4 Nbc6 18. Qa4 Bb7 19. Ba3 Re8 20. Nd2 a6 21. Qd1
Na5 22. Rc1 Rc8 23. Qg4 d5 24. e5 Rxc1 25. Rxc1 Bc8 1/2-1/2

[Event "III Festival A"]
[Site "Bisaccia ITA"]
[Date "2011.06.03"]
[Round "2"]
[White "Coico, Pompeo"]
[Black "Cipollaro, Giovanni"]
[Result "0-1"]
[WhiteElo "1608"]
[BlackElo "1840"]
[PlyCount "76"]
[EventDate "2011.06.02"]

1. d4 d6 2. c4 e5 3. dxe5 dxe5 4. Qxd8+ Kxd8 5. Nc3 Be6 6. e4 Nd7 7. a3 a5 8.
Nf3 f6 9. Be2 c6 10. O-O Kc7 11. Be3 Bc5 12. Bd2 Nb6 13. Rfd1 Bxc4 14. Rab1
Bxe2 15. Nxe2 Nc4 16. Bc3 Nh6 17. Nd2 Nxd2 18. Rxd2 Nf7 19. Rbd1 Rhd8 20. Kf1
Rxd2 21. Rxd2 Nd6 22. f3 Nb5 23. Rc2 Nxc3 24. Nxc3 Rd8 25. Nb5+ Kb6 26. Nc3 Bd4
27. Ke2 Bxc3 28. Rxc3 a4 29. Rc4 Ka5 30. Rc5+ Kb6 31. Rc4 Ra8 32. Kd2 Kc7 33.
Rc2 Rd8+ 34. Kc3 b5 35. Kb4 Kb6 36. Re2 Rd3 37. Rc2 c5+ 38. Rxc5 Rd4+ 0-1

[Event "III Festival A"]
[Site "Bisaccia ITA"]
[Date "2011.06.03"]
[Round "2"]
[White "Crafa, Carmine"]
[Black "Varvaglione, Antonio"]
[Result "0-1"]
[WhiteElo "1803"]
[BlackElo "1932"]
[PlyCount "118"]
[EventDate "2011.06.02"]

1. e4 c5 2. Nf3 d6 3. d4 cxd4 4. Nxd4 Nf6 5. Nc3 a6 6. Bc4 e6 7. Bb3 Nbd7 8.
Bg5 Nc5 9. O-O Be7 10. Bxf6 Bxf6 11. Re1 O-O 12. a4 Nxb3 13. Nxb3 b6 14. Qd3
Qc7 15. Re3 Bb7 16. Rh3 g6 17. Qe3 Bg7 18. Rd1 Rac8 19. Qf4 d5 20. Qxc7 Rxc7
21. exd5 exd5 22. Nd4 Bxd4 23. Rxd4 Re8 24. Re3 Rce7 25. Rxe7 Rxe7 26. Kf1 a5
27. Nxd5 Ba6+ 28. c4 Rb7 29. Ke2 Kg7 30. Kd3 f5 31. Kc3 Kf7 32. b4 axb4+ 33.
Nxb4 Ra7 34. Nxa6 Rxa6 35. Kb4 Ke7 36. Kb5 Ra5+ 37. Kxb6 Rxa4 38. Kb5 Ra2 39.
c5 Rxf2 40. c6 Rb2+ 41. Kc5 Rc2+ 42. Kb6 Rb2+ 43. Ka7 Rxg2 44. c7 Rc2 45. Kb7
Ke6 46. Rd2 Rc1 47. c8=Q+ Rxc8 48. Kxc8 f4 49. Kc7 h6 50. Kc6 Ke5 51. Kc5 f3
52. Kc4 Ke4 53. Rd6 f2 54. Rxg6 f1=Q+ 55. Kb4 Qf8+ 56. Kc3 Qa3+ 57. Kc4 Qa2+
58. Kc5 Qxh2 59. Rd6 Qxd6+ 0-1